Los diferentes tratamientos de la pneumonia fibrinosa y el método de Z. Petresco (Record no. 152208)

MARC details
000 -LEADER
campo de control de longitud fija 00982nam a2200217 i 4500
001 - NÚMERO DE CONTROL
campo de control 152208
003 - IDENTIFICADOR DE NÚMERO DE CONTROL
campo de control ES-MaACL
005 - FECHA Y HORA DE LA ÚLTIMA TRANSACCIÓN
campo de control 20230906204559.0
008 - DATOS DE LONGITUD FIJA--INFORMACIÓN GENERAL
campo de control de longitud fija 931025s1895 sp |||| | spa d
100 1# - ENTRADA PRINCIPAL--NOMBRE DE PERSONA
Nombre de persona Blanco y Rivero, Luis.
9 (RLIN) 126010
245 14 - MENCIÓN DEL TÍTULO
Título Los diferentes tratamientos de la pneumonia fibrinosa y el método de Z. Petresco
Resto del título : tesis para el Doctorado en Medicina /
Mención de responsabilidad, etc. por Luis Blanco Rivero.
260 ## - PUBLICACIÓN, DISTRIBUCIÓN, ETC.
Lugar de publicación, distribución, etc. Santiago :
Nombre del editor, distribuidor, etc. [s.n.],
Fecha de publicación, distribución, etc. 1895 (
Fabricante Imprenta de José M. Paredes)
300 ## - DESCRIPCIÓN FÍSICA
Extensión 120, XV p., [5] h. pleg. ;
Dimensiones 22 cm.
502 ## - NOTA DE TESIS
Nota de tesis Tesis--Universidad de Madrid.
530 ## - NOTA DISPONIBLE DE FORMULARIO FÍSICO ADICIONAL
Nota de formato físico adicional disponible Disponible en formato digital.
594 ## - Nota al título y mención de responsabilidad
Nota al título y mención de responsabilidad Precede al tít.: Universidad de Madrid.
650 #4 - PUNTO DE ACCESO ADICIONAL DE MATERIA--TÉRMINO DE MATERIA
Término de materia o nombre geográfico como elemento de entrada Neumonía-
Subdivisión general Tratamiento.
9 (RLIN) 157101
752 ## - ENTRADA AGREGADA--NOMBRE JERÁRQUICO DEL LUGAR
País o entidad superior España -
Ciudad Santiago de Compostela
852 ## - LOCALIZACIÓN
Ubicación ES-MaACL
Número de control de estantería T-857-F-5
Nota libre -- Enc. hol., conservando la cub. original
-- -- Enc. en un vol. facticio
856 ## - LOCALIZACIÓN Y ACCESO ELECTRÓNICOS
Identificador Uniforme de Recursos <a href="http://bdh-rd.bne.es/viewer.vm?id=0000056160&page=1 ">http://bdh-rd.bne.es/viewer.vm?id=0000056160&page=1 </a>
Nota pública Biblioteca Digital Hispánica
Holdings
Estatus retirado Estado de pérdida Estado de daño No para préstamo Colección Biblioteca de origen Biblioteca actual Ubicación en estantería Fecha de adquisición Total de préstamos Signatura topográfica completa Código de barras Visto por última vez Precio de reemplazo Tipo de ítem Koha
        Colección de folletos Biblioteca del Ateneo de Madrid Biblioteca del Ateneo de Madrid Depósito folletos 17/01/2008   T-857-F-5 1158905 23/02/2023 23/02/2023 Folleto